[Event "20th NATO Chess Ch"]
[Site "?"]
[Date "2009.06.17"]
[Round "4.31"]
[White "Tommasini, Enzo"]
[Black "Ola, Nathaniel"]
[Result "1-0"]
[WhiteElo "2171"]
[BlackElo "1975"]
[PlyCount "81"]
[SourceDate "2000.01.03"]

1. d4 Nf6 2. c4 g6 3. Nc3 Bg7 4. e4 d6 5. f3 a6 6. Bg5 c6 7. a4 Nbd7 8. Qd2 h6
9. Be3 b6 10. Nh3 Qc7 11. Nf2 Bb7 12. Be2 Rd8 13. O-O e5 14. a5 exd4 15. Bxd4
O-O 16. axb6 Qb8 17. Rfe1 Kh7 18. b4 c5 19. bxc5 dxc5 20. Be3 Nxb6 21. Qc2 Nbd7
22. f4 Rfe8 23. e5 Nxe5 24. fxe5 Qxe5 25. Bd2 Bf8 26. Bf1 Qh5 27. Bf4 Kg8 28.
Be2 Rxe2 29. Qxe2 Qf5 30. Qe5 Qxe5 31. Bxe5 Ne8 32. Rad1 Rxd1 33. Rxd1 h5 34.
Rd8 Bc6 35. Nd5 f5 36. Nd3 Kf7 37. Rc8 Bd7 38. Ra8 Bc6 39. Rc8 Ng7 {Notation
not complete.} (39... Bb7 40. Rc7+ Ke6 41. N5f4#) (39... Nd6 40. Rc7+ Ke6 41.
N5f4#) 40. Rc7+ Ke6 41. N5f4# 1-0

[Event "20th NATO Chess Ch"]
[Site "?"]
[Date "2009.06.17"]
[Round "4.32"]
[White "Kocur, Marc"]
[Black "Cimer, Stefan"]
[Result "0-1"]
[WhiteElo "1919"]
[BlackElo "2150"]
[PlyCount "66"]
[SourceDate "2000.01.03"]

1. e4 d6 2. d4 Nf6 3. Nc3 g6 4. Be3 Bg7 5. f3 O-O 6. Qd2 c6 7. Bh6 Bxh6 8. Qxh6
Qa5 9. h4 Nbd7 10. h5 Re8 11. hxg6 fxg6 12. g4 Nf8 13. Bc4+ Be6 14. Bxe6+ Nxe6
15. d5 Nf8 16. O-O-O Qc7 17. Nge2 e5 18. Qg5 Qe7 19. dxc6 bxc6 20. Ng3 Ne6 21.
Qh4 Rf8 22. Nge2 Rf7 23. f4 exf4 24. Nd4 Nxd4 25. Rxd4 Raf8 26. Rc4 d5 27. exd5
cxd5 28. Rc6 Qe3+ 29. Kb1 Qg3 30. Qh6 Rg7 31. Qg5 Qxg4 32. Qxg4 Nxg4 33. Nxd5
f3 {unreadable} 0-1

[Event "20th NATO Chess Ch"]
[Site "?"]
[Date "2009.06.17"]
[Round "4.33"]
[White "Lukjanovas, Vladas"]
[Black "Oltean, Gusztav"]
[Result "0-1"]
[WhiteElo "1902"]
[BlackElo "2133"]
[PlyCount "128"]
[SourceDate "2000.01.03"]

1. Nf3 Nf6 2. g3 b6 3. Bg2 Bb7 4. O-O e6 5. d4 Be7 6. Re1 O-O 7. c4 c5 8. Nc3
cxd4 9. Nxd4 Bxg2 10. Kxg2 Qc8 11. Qd3 Nc6 12. Ne4 Ne5 13. Nxf6+ Bxf6 14. Qb3
Nxc4 15. Nf3 d5 16. Rb1 Na5 17. Qd1 Qb7 18. Bg5 Bxg5 19. Nxg5 d4+ 20. Kg1 Qd5
21. h4 f6 22. Nf3 Rfd8 23. b3 e5 24. e3 d3 25. e4 Qb5 26. h5 Rac8 27. Rb2 Nc4
28. Rb1 Na3 29. Rc1 Nc2 30. Rf1 Qb4 31. Nd2 Qa3 32. Qg4 h6 33. f4 Qc5+ 34. Kh1
exf4 35. gxf4 Qe3 36. Rg1 Rc7 37. e5 fxe5 38. Qe6+ Kh8 39. Nc4 Qe4+ 40. Rg2 d2
41. Nxd2 Qxf4 42. Rf1 Qh4+ 43. Rh2 Qe7 44. Qg6 Ne3 45. Re1 Nd5 46. Nc4 Nf4 47.
Nxe5 Qxe5 48. Rxe5 Rd1+ 49. Qg1 Rxg1+ 50. Kxg1 Rc1+ 51. Kf2 Nd3+ 52. Ke3 Nxe5
53. Kf4 Nd7 54. Kf5 Kh7 55. b4 Rd1 56. Ke6 Nf6 57. Rh3 Rd5 58. Ra3 a5 59. bxa5
bxa5 60. Rb3 Rxh5 61. Kf7 Rg5 62. a4 h5 63. Rb5 Rxb5 64. axb5 Nd5 0-1

[Event "20th NATO Chess Ch"]
[Site "?"]
[Date "2009.06.17"]
[Round "4.35"]
[White "Dekker, Ard"]
[Black "Szczesniak, Andrzej"]
[Result "1/2-1/2"]
[WhiteElo "1880"]
[BlackElo "2087"]
[PlyCount "48"]
[SourceDate "2000.01.03"]

1. d4 Nf6 2. Nf3 c5 3. e3 e6 4. Be2 b6 5. O-O Bb7 6. b3 Be7 7. Bb2 O-O 8. c4
Ne4 9. Nbd2 f5 10. dxc5 bxc5 11. Qc2 Bf6 12. Bd3 d5 13. Ne5 Na6 14. a3 Qd6 15.
f4 Nxd2 16. Qxd2 Rad8 17. Qe2 Nb8 18. Rad1 Nd7 19. Nxd7 Qxd7 20. Bxf6 Rxf6 21.
Qc2 Qc8 22. Be2 Ba6 23. Rd2 Rff8 24. Rfd1 Rfe8 1/2-1/2

[Event "20th NATO Chess Ch"]
[Site "?"]
[Date "2009.06.17"]
[Round "4.36"]
[White "Ivoskaite, Daina"]
[Black "Papler, Peter"]
[Result "1-0"]
[WhiteElo "2056"]
[BlackElo "1500"]
[PlyCount "37"]
[SourceDate "2000.01.03"]

1. Nf3 d5 2. d4 Bf5 3. c4 e6 4. Nc3 Nf6 5. Bg5 Be7 6. Qb3 Nbd7 7. e3 dxc4 8.
Bxc4 Nb6 9. Be2 O-O 10. O-O Rb8 11. Rfd1 h6 12. Bh4 c6 13. Rac1 Qd7 14. Ne5 Qd8
15. Bg3 Rc8 16. a4 a5 17. Nd3 Bxd3 18. Bxd3 Qd7 19. Qxb6 1-0

[Event "20th NATO Chess Ch"]
[Site "?"]
[Date "2009.06.17"]
[Round "4.37"]
[White "Stuhr, Finn"]
[Black "Mottais, Francois"]
[Result "0-1"]
[WhiteElo "1665"]
[BlackElo "2054"]
[PlyCount "54"]
[SourceDate "2000.01.03"]

1. e4 c5 2. Nf3 d6 3. d4 cxd4 4. Nxd4 Nf6 5. Nc3 a6 6. Bc4 e6 7. a3 Be7 8. Be3
O-O 9. Qd2 Nbd7 10. O-O-O Qc7 11. Ba2 b5 12. h3 Nb6 13. f3 Nc4 14. Ndxb5 axb5
15. Nxb5 Qc6 16. Bxc4 Qxc4 17. Nxd6 Qa2 18. Qb4 Bxd6 19. Qxd6 Qa1+ 20. Kd2 Qxb2
21. Rb1 Qa2 22. Qc7 e5 23. Rb3 Ba6 24. Rhb1 Rac8 25. R1b2 Rxc7 26. Rxa2 Bc4 27.
Rc3 Rd7+ 0-1

[Event "20th NATO Chess Ch"]
[Site "?"]
[Date "2009.06.17"]
[Round "4.38"]
[White "Denner, Phillip"]
[Black "Christen, Pierre"]
[Result "1/2-1/2"]
[WhiteElo "1648"]
[BlackElo "2024"]
[PlyCount "44"]
[SourceDate "2000.01.03"]

1. d4 d5 2. Nf3 Nf6 3. Bf4 c6 4. Nbd2 e6 5. e3 Be7 6. Bd3 Nbd7 7. c3 Nh5 8. Bg3
Nxg3 9. hxg3 h6 10. Qc2 Bf6 11. e4 dxe4 12. Nxe4 Be7 13. O-O-O f5 14. Nc5 Nxc5
15. dxc5 Qc7 16. Rhe1 O-O 17. Bc4 Bf6 18. Kb1 Kh8 19. Bxe6 Bxe6 20. Rxe6 Rad8
21. Ree1 Qa5 22. Rxd8 Qxd8 1/2-1/2

[Event "20th NATO Chess Ch"]
[Site "?"]
[Date "2009.06.17"]
[Round "4.39"]
[White "Murray, Brian"]
[Black "Nlesen, Terje"]
[Result "0-1"]
[WhiteElo "1571"]
[BlackElo "2022"]
[PlyCount "72"]
[SourceDate "2000.01.03"]

1. e4 g6 2. d4 Bg7 3. Nf3 d6 4. Bb5+ c6 5. Ba4 Nf6 6. O-O Nxe4 7. Re1 Nf6 8. c4
O-O 9. Nc3 Re8 10. Bg5 h6 11. Bh4 Nbd7 12. Bb3 Qc7 13. d5 Nc5 14. Bc2 e5 15. b4
Ncd7 16. Ne4 Nxe4 17. Bxe4 f5 18. Bc2 Nb6 19. Bb3 c5 20. Rc1 Bd7 21. bxc5 Qxc5
22. h3 Rac8 23. Qd2 a5 24. Qe3 a4 25. Qxc5 Rxc5 26. Bc2 Nxc4 27. Bd3 b5 28.
Bxc4 Rxc4 29. Rxc4 bxc4 30. Rc1 e4 31. Rxc4 exf3 32. Rc7 Re1+ 33. Kh2 Be5+ 34.
g3 g5 35. Bxg5 hxg5 36. Rxd7 Rf1 0-1

[Event "20th NATO Chess Ch"]
[Site "?"]
[Date "2009.06.17"]
[Round "4.40"]
[White "Engelen, Johan"]
[Black "Harwood, Duncan"]
[Result "1/2-1/2"]
[WhiteElo "1981"]
[BlackElo "1800"]
[PlyCount "76"]
[SourceDate "2000.01.03"]

1. c4 Nf6 2. g3 g6 3. Bg2 Bg7 4. Nc3 O-O 5. e4 d6 6. Nge2 c5 7. O-O Nc6 8. d3
a6 9. a4 Rb8 10. Rb1 Bd7 11. Bg5 Re8 12. Qd2 b6 13. Bh6 Bh8 14. f3 Qc8 15. b3
Nh5 16. Nd5 b5 17. Nef4 Nf6 18. Nxf6+ Bxf6 19. h4 Nd4 20. axb5 axb5 21. Nd5 Bh8
22. h5 Bc6 23. hxg6 hxg6 24. Ne3 Kh7 25. Ng4 Ne6 26. Be3 Bg7 27. Bh3 Rb6 28. b4
Qb8 29. bxc5 dxc5 30. cxb5 Qxg3+ 31. Qg2 Qxg2+ 32. Kxg2 Rxb5 33. Nf2 Bd4 34.
Bxe6 fxe6 35. Bxd4 cxd4 36. Rxb5 Bxb5 37. Rb1 Rb8 38. Rb4 Rb6 1/2-1/2

[Event "20th NATO Chess Ch"]
[Site "?"]
[Date "2009.06.17"]
[Round "4.41"]
[White "Ghiacy, Jelani"]
[Black "Geroly, Jozsef"]
[Result "0-1"]
[WhiteElo "1517"]
[BlackElo "1978"]
[PlyCount "66"]
[SourceDate "2000.01.03"]

1. e4 g6 2. Nf3 Bg7 3. Bc4 d6 4. h3 a6 5. a3 b5 6. Ba2 c5 7. d3 Nf6 8. Nc3 O-O
9. O-O Bb7 10. Ne2 Nbd7 11. c3 Qc7 12. Bf4 e5 13. Bh2 c4 14. Bb1 cxd3 15. Bxd3
Nxe4 16. Ng3 Nxg3 17. Bxg3 e4 18. Bxd6 Qxd6 19. Bxe4 Qxd1 20. Raxd1 Bxe4 21.
Rxd7 Rfd8 22. Rfd1 Rxd7 23. Rxd7 Bf5 24. Re7 Bf6 25. Re1 Kf8 26. g4 Be6 27. g5
Bg7 28. h4 Rd8 29. Nd4 Bxd4 30. cxd4 Rxd4 31. Kg2 Rxh4 32. Kg3 Rg4+ 33. Kf3
Rxg5 0-1

[Event "20th NATO Chess Ch"]
[Site "?"]
[Date "2009.06.17"]
[Round "4.42"]
[White "Parisse, Denis"]
[Black "Cappon, Kaan"]
[Result "1/2-1/2"]
[WhiteElo "1960"]
[BlackElo "1877"]
[PlyCount "39"]
[SourceDate "2000.01.03"]

1. e4 c5 2. f4 d6 3. Nf3 Nc6 4. Be2 Nf6 5. d3 e5 6. O-O Be7 7. c3 O-O 8. Na3 a6
9. fxe5 dxe5 10. Nc4 Qc7 11. Qe1 Be6 12. Bg5 Bxc4 13. Bxf6 Be6 14. Bxe7 Qxe7
15. Qg3 f6 16. Nh4 Rad8 17. Nf5 Qd7 18. Rf3 Kh8 19. a3 g6 20. Nh6 1/2-1/2

[Event "20th NATO Chess Ch"]
[Site "?"]
[Date "2009.06.17"]
[Round "4.43"]
[White "Le Fevre, Stephen"]
[Black "Bubbys, Vaidotas"]
[Result "1/2-1/2"]
[WhiteElo "1864"]
[BlackElo "1930"]
[PlyCount "39"]
[SourceDate "2000.01.03"]

1. d4 d5 2. Nf3 Nf6 3. c4 c6 4. Nc3 e6 5. e3 Nbd7 6. Bd3 dxc4 7. Bxc4 b5 8. Bd3
Be7 9. O-O a6 10. e4 O-O 11. Qc2 h6 12. h3 c5 13. e5 Nd5 14. Nxd5 exd5 15. Re1
cxd4 16. Nxd4 Nc5 17. Nc6 Qd7 18. Nxe7+ Qxe7 19. Be3 Nxd3 20. Qxd3 1/2-1/2

[Event "20th NATO Chess Ch"]
[Site "?"]
[Date "2009.06.17"]
[Round "4.44"]
[White "Vercauteren, Daniel"]
[Black "Barta, Csaba"]
[Result "1/2-1/2"]
[WhiteElo "1686"]
[BlackElo "1903"]
[PlyCount "92"]
[SourceDate "2000.01.03"]

1. Nc3 d5 2. e4 dxe4 3. Nxe4 Nc6 4. Nf3 Bf5 5. Ng3 Bg4 6. Be2 Nf6 7. h3 Bd7 8.
d4 e6 9. Bg5 h6 10. Bxf6 Qxf6 11. c3 g6 12. Ne4 Qg7 13. Ned2 a6 14. Nc4 Bd6 15.
d5 exd5 16. Qxd5 Be7 17. O-O Be6 18. Qe4 Rb8 19. Nfe5 Nxe5 20. Qxe5 Qxe5 21.
Nxe5 Bf6 22. Nf3 Rd8 23. Rfd1 Rxd1+ 24. Bxd1 Ke7 25. Kf1 Rd8 26. Bc2 Bc4+ 27.
Kg1 Rd6 28. Bb3 Bxb3 29. axb3 Kd7 30. Kf1 c5 31. Ke2 Bg7 32. Rd1 Rxd1 33. Kxd1
Ke6 34. Ke2 Kd5 35. Kd3 Bf6 36. Ng1 b5 37. Ne2 c4+ 38. bxc4+ bxc4+ 39. Kc2 Be5
40. f3 h5 41. g4 hxg4 42. hxg4 f5 43. gxf5 gxf5 44. Kd1 Kc5 45. Kc1 a5 46. Kc2
Kd5 1/2-1/2

[Event "20th NATO Chess Ch"]
[Site "?"]
[Date "2009.06.17"]
[Round "4.45"]
[White "Hunter, Terry"]
[Black "Emmins, Karl"]
[Result "1-0"]
[WhiteElo "1692"]
[BlackElo "1616"]
[PlyCount "79"]
[SourceDate "2000.01.03"]

1. e4 c5 2. Nf3 Nc6 3. d4 cxd4 4. Nxd4 e6 5. Nxc6 bxc6 6. Be3 Nf6 7. Bd3 Qc7 8.
Nd2 Bd6 9. Qf3 Be5 10. Nc4 O-O 11. O-O Bxh2+ 12. Kh1 Be5 13. c3 d5 14. Nxe5
Qxe5 15. exd5 exd5 16. Bd4 Qh5+ 17. Qxh5 Nxh5 18. g3 f5 19. Rfe1 f4 20. Kg2 f3+
21. Kh2 Bf5 22. Bxf5 Rxf5 23. g4 Rg5 24. gxh5 Rf8 25. Rg1 Rxh5+ 26. Kg3 Rh6 27.
Be3 Re6 28. Kh2 Rf5 29. Rg3 a6 30. Rag1 g6 31. Rg5 Kf7 32. b4 Kf8 33. R5g4 Ke8
34. Kg3 Rff6 35. Re1 h5 36. Rf4 Rxf4 37. Kxf4 Rf6+ 38. Kg5 Kf7 39. Kh4 Ke6 40.
Bd2+ 1-0

[Event "20th NATO Chess Ch"]
[Site "?"]
[Date "2009.06.17"]
[Round "4.46"]
[White "Bellemare, Régis"]
[Black "De Cat, Ben"]
[Result "0-1"]
[WhiteElo "1634"]
[BlackElo "1920"]
[PlyCount "72"]
[SourceDate "2000.01.03"]

1. e4 d6 2. d4 Nf6 3. Nc3 Nbd7 4. f4 e5 5. Nf3 c6 6. Bd3 Qb6 7. Na4 Qa5+ 8. c3
b5 9. b4 Qxa4 10. Qxa4 bxa4 11. fxe5 dxe5 12. dxe5 Ng4 13. Bf4 g5 14. e6 gxf4
15. exd7+ Bxd7 16. h3 Ne3 17. Kf2 Rg8 18. Rhg1 Bh6 19. Rae1 O-O-O 20. Ne5 Be8
21. Be2 Rd2 22. g3 Nc2 23. gxf4 Rxg1 24. Rxg1 Bxf4 25. Nc4 Rd8 26. Rd1 f6 27.
Rxd8+ Kxd8 28. Bd1 Bf7 29. Bxc2 Bxc4 30. Bxa4 Kc7 31. Bb3 Bd3 32. Kf3 Bd2 33.
c4 Kd6 34. c5+ Ke5 35. b5 Bxb5 36. a4 Bd3 0-1

[Event "20th NATO Chess Ch"]
[Site "?"]
[Date "2009.06.17"]
[Round "4.47"]
[White "Ulusoy, Mastafa"]
[Black "Van Dusen, Eric"]
[Result "0-1"]
[WhiteElo "1737"]
[BlackElo "1881"]
[PlyCount "110"]
[SourceDate "2000.01.03"]

1. d4 Nf6 2. c4 g6 3. Nc3 d5 4. e3 Bg7 5. h3 c5 6. dxc5 O-O 7. cxd5 Qa5 8. Bc4
Ne4 9. Nge2 Nxc3 10. Nxc3 Bxc3+ 11. Bd2 Bxd2+ 12. Qxd2 Qxc5 13. Rc1 Qd6 14. O-O
Nd7 15. Rfe1 Ne5 16. Bb3 Bf5 17. Qa5 b6 18. Qa6 Rfc8 19. Qb7 Rcb8 20. Qa6 Bc8
21. Qe2 Bb7 22. f4 Nd7 23. Qg4 Nf6 24. Qf3 Rc8 25. e4 Qb4 26. e5 Rxc1 27. Rxc1
Bxd5 28. Bxd5 Qd4+ 29. Kh2 Nxd5 30. Kg3 Qe3 31. Qxe3 Nxe3 32. Rc7 Nd5 33. Rd7
e6 34. Kf3 Kf8 35. g4 Ke8 36. Rb7 a5 37. Ke4 Rc8 38. f5 gxf5+ 39. gxf5 Rc4+ 40.
Kd3 Rh4 41. fxe6 Rxh3+ 42. Kc4 fxe6 43. Kb5 Rh2 44. Kc6 Rxb2 45. Kd6 Nf4 46.
Rxh7 Rxa2 47. Rh8+ Kf7 48. Rb8 Rb2 49. Rb7+ Kg6 50. Rc7 Rb4 51. Rc1 a4 52. Ra1
b5 53. Rf1 a3 54. Rf3 a2 55. Ra3 Ra4 0-1

[Event "20th NATO Chess Ch"]
[Site "?"]
[Date "2009.06.17"]
[Round "4.1"]
[White "Schenk, Andreas"]
[Black "Lillevold, Frode"]
[Result "1-0"]
[WhiteElo "2507"]
[BlackElo "2154"]
[PlyCount "51"]
[EventDate "2009.06.17"]
[SourceDate "2000.01.03"]

1. d4 d5 2. c4 e6 3. Nc3 c6 4. e3 Nf6 5. Nf3 Nbd7 6. Bd3 dxc4 7. Bxc4 b5 8. Bd3
Bb7 9. O-O a6 10. e4 c5 11. d5 c4 12. Bc2 Qc7 13. Qe2 Bd6 14. dxe6 fxe6 15. Nd4
Nc5 16. f4 e5 17. Ndxb5 axb5 18. Nxb5 Qc6 19. Nxd6+ Qxd6 20. fxe5 Qxe5 21. Rf5
Qe7 22. Qxc4 Ncxe4 23. Bf4 Nd6 24. Ba4+ Nd7 25. Bxd7+ Qxd7 26. Re1+ 1-0

[Event "20th NATO Chess Ch"]
[Site "?"]
[Date "2009.06.18"]
[Round "5.2"]
[White "De Haan, Eric"]
[Black "Bieluszewski, Piotr"]
[Result "0-1"]
[WhiteElo "2353"]
[BlackElo "2153"]
[PlyCount "96"]
[SourceDate "2000.01.03"]

1. d4 d5 2. c4 c6 3. Nf3 Nf6 4. Nc3 e6 5. Bg5 Nbd7 6. e3 Qa5 7. cxd5 Nxd5 8.
Qd2 Bb4 9. Rc1 O-O 10. a3 Bd6 11. e4 Nxc3 12. e5 f6 13. exd6 fxg5 14. Rxc3 g4
15. Ng5 Nf6 16. Bd3 h6 17. Ne4 Qd5 18. Nxf6+ Rxf6 19. O-O Qxd6 20. Bb1 Bd7 21.
Qc2 g6 22. h3 gxh3 23. Rxh3 Kg7 24. Rg3 Be8 25. Re1 Qxd4 26. Re4 Qd5 27. Qc3
Qd1+ 28. Re1 Qd6 29. Ba2 Bf7 30. Rh3 Qe7 31. Rd1 Be8 32. Re3 Kh7 33. Rde1 Bf7
34. Rh3 Bg8 35. Qe3 Qg7 36. Rd1 g5 37. Qb3 Raf8 38. Rd2 Kh8 39. Qa4 a6 40. Rhd3
Rf4 41. Qa5 Re4 42. Rd7 Qf6 43. f3 Re1+ 44. Kf2 Re5 45. Qc7 g4 46. Bc4 Qh4+ 47.
Kg1 Re1+ 48. Bf1 g3 0-1

[Event "20th NATO Chess Ch"]
[Site "?"]
[Date "2009.06.18"]
[Round "5.3"]
[White "Garret, Pieta"]
[Black "Wantiez, Fabrice"]
[Result "0-1"]
[WhiteElo "2326"]
[BlackElo "2339"]
[PlyCount "48"]
[SourceDate "2000.01.03"]

1. d4 d5 2. c4 c6 3. Nc3 Nf6 4. Nf3 dxc4 5. a4 Bf5 6. Ne5 e6 7. f3 c5 8. e4 Bg6
9. Bxc4 cxd4 10. Bb5+ Nfd7 11. Qxd4 a6 12. Bxd7+ Nxd7 13. Nd3 Nc5 14. Qxd8+
Rxd8 15. Nxc5 Bxc5 16. Ke2 f5 17. Be3 Bb4 18. e5 O-O 19. Na2 Be7 20. Rac1 f4
21. Bb6 Rd5 22. Rc7 Rfd8 23. Nc3 Rd2+ 24. Kf1 Bb4 0-1

[Event "20th NATO Chess Ch"]
[Site "?"]
[Date "2009.06.18"]
[Round "5.4"]
[White "Drabke, Lorenz"]
[Black "Mueller , Jason"]
[Result "1-0"]
[WhiteElo "2469"]
[BlackElo "2174"]
[PlyCount "121"]
[SourceDate "2000.01.03"]

1. e4 c5 2. Nf3 e6 3. d4 cxd4 4. Nxd4 Nc6 5. Nb5 d6 6. c4 a6 7. N5c3 Nf6 8. Be3
Be7 9. Be2 O-O 10. O-O b6 11. f4 Qc7 12. Bf3 Bb7 13. Nd2 Nd7 14. Rc1 Nc5 15.
Ndb1 Rac8 16. Rf2 Qb8 17. Rd2 Qa8 18. Bf2 Nd8 19. Qe2 f5 20. Bxc5 bxc5 21. Rf1
fxe4 22. Bxe4 Bxe4 23. Nxe4 d5 24. cxd5 exd5 25. Nec3 Bf6 26. Nxd5 Bd4+ 27.
Rxd4 cxd4 28. Ne7+ Kh8 29. Nxc8 Qxc8 30. Qe4 Qc5 31. Nd2 d3+ 32. Kh1 Qb5 33.
Nc4 Qa4 34. Qxd3 Qxa2 35. h3 Qa4 36. Rf3 Qa1+ 37. Kh2 Qe1 38. Ne5 Qb4 39. b3 g6
40. Kg3 Ne6 41. Qxa6 Nxf4 42. Kh2 Qd2 43. Qf1 Qd6 44. Nc4 Qb8 45. Kh1 Kg8 46.
Ne3 Ne6 47. Nd5 Rxf3 48. Qxf3 Qe5 49. Nf6+ Kg7 50. Ng4 Qa1+ 51. Kh2 Ng5 52.
Qb7+ Nf7 53. Qe7 h5 54. Ne3 Qd4 55. b4 Qd6+ 56. Qxd6 Nxd6 57. Kg3 Kf6 58. Kf4
g5+ 59. Kf3 Ke5 60. Nf1 Kf5 61. Ng3+ 1-0

[Event "20th NATO Chess Ch"]
[Site "?"]
[Date "2009.06.18"]
[Round "5.5"]
[White "Sirch, Franz"]
[Black "Hole, Oystein"]
[Result "1/2-1/2"]
[WhiteElo "2172"]
[BlackElo "2401"]
[PlyCount "71"]
[SourceDate "2000.01.03"]

1. e4 c6 2. d4 d5 3. exd5 cxd5 4. c4 Nf6 5. Nc3 e6 6. Nf3 Bb4 7. cxd5 Nxd5 8.
Bd2 Nc6 9. Bd3 O-O 10. O-O Nf6 11. Qe2 Be7 12. Ne4 Bd7 13. a3 Nxe4 14. Qxe4 g6
15. Rfd1 Bf6 16. Ne5 Nxe5 17. dxe5 Bc6 18. Qg4 Bxe5 19. Bh6 Qf6 20. Bxf8 Rxf8
21. Be4 Bxb2 22. Ra2 Bxe4 23. Qxe4 Rd8 24. Rxd8+ Qxd8 25. Qb1 Be5 26. g3 b6 27.
Qe4 Bd4 28. a4 a5 29. Rc2 Bc5 30. Kg2 Qd7 31. h4 h5 32. Rc3 Qd2 33. Rf3 Qd7 34.
Rd3 Qe8 35. Rf3 Qd7 36. Rd3 1/2-1/2

[Event "20th NATO Chess Ch"]
[Site "?"]
[Date "2009.06.18"]
[Round "5.6"]
[White "Vaznonis, Vytautas"]
[Black "Van Rijn, Wouter"]
[Result "1-0"]
[WhiteElo "2338"]
[BlackElo "2161"]
[PlyCount "111"]
[SourceDate "2000.01.03"]

1. d4 Nf6 2. c4 g6 3. Nc3 Bg7 4. e4 d6 5. Nf3 O-O 6. Be2 c6 7. O-O Qc7 8. Be3
e5 9. d5 Ng4 10. Bd2 a5 11. Ne1 Nf6 12. Nd3 Na6 13. a3 Nd7 14. b4 f5 15. Qb3
fxe4 16. Nxe4 cxd5 17. c5 dxc5 18. Qxd5+ Kh8 19. b5 c4 20. bxa6 cxd3 21. Bxd3
Qc6 22. Qxa5 bxa6 23. Rfc1 Qb6 24. Qd5 Bb7 25. Qxd7 Bxe4 26. Be3 Qb7 27. Rc7
Qxc7 28. Qxc7 Bxd3 29. Rc1 Bb5 30. h4 Rad8 31. Qb7 Rb8 32. Qe4 Rbc8 33. Rxc8
Rxc8 34. a4 Bc4 35. Qb7 Rg8 36. Bg5 Bd3 37. Qe7 Rf8 38. Qd6 e4 39. Be7 Re8 40.
Qd7 Rb8 41. Qe6 Re8 42. Qf7 Rg8 43. Bf6 Bxf6 44. Qxf6+ Rg7 45. Qd8+ Rg8 46.
Qd4+ Rg7 47. f3 h5 48. fxe4 Be2 49. Qf6 Kh7 50. e5 a5 51. e6 Bd1 52. Qe5 Bg4
53. Qd6 Bxe6 54. Qxe6 Rb7 55. Qa6 Rb1+ 56. Kf2 1-0

[Event "20th NATO Chess Ch"]
[Site "?"]
[Date "2009.06.18"]
[Round "5.7"]
[White "Lillevold, Frode"]
[Black "Helbig, Mark"]
[Result "0-1"]
[WhiteElo "2154"]
[BlackElo "2337"]
[PlyCount "56"]
[SourceDate "2000.01.03"]

1. d4 d5 2. c4 e5 3. dxe5 d4 4. Nf3 Nc6 5. a3 Be6 6. e3 dxe3 7. Qxd8+ Rxd8 8.
Bxe3 Nge7 9. Nc3 Nf5 10. Bg5 Be7 11. Bxe7 Kxe7 12. Rd1 Rxd1+ 13. Nxd1 Rd8 14.
Be2 Na5 15. Nd2 Nc6 16. f4 Ncd4 17. Bd3 Nb3 18. Bxf5 Rxd2 19. Bxe6 Kxe6 20. O-O
h5 21. Nf2 Rxb2 22. Nd3 Ra2 23. f5+ Ke7 24. Nf4 h4 25. Nd5+ Kd7 26. Re1 Nd4 27.
Re4 Nxf5 28. Ne3 Re2 0-1

[Event "20th NATO Chess Ch"]
[Site "?"]
[Date "2009.06.18"]
[Round "5.8"]
[White "Indbryn, Tommy"]
[Black "Pedersen, Finn"]
[Result "0-1"]
[WhiteElo "2158"]
[BlackElo "2287"]
[PlyCount "66"]
[SourceDate "2000.01.03"]

1. c4 c6 2. d4 d5 3. cxd5 cxd5 4. Nc3 Nf6 5. Nf3 Nc6 6. Bf4 Nh5 7. Bd2 e6 8. e3
g6 9. Rc1 Bg7 10. a3 O-O 11. b4 e5 12. dxe5 Nxe5 13. Nxe5 Bxe5 14. Be2 Nf6 15.
Bf3 a5 16. O-O axb4 17. axb4 Bf5 18. Nb5 Bb2 19. Rc5 b6 20. Rc6 Bd7 21. Rd6 Qb8
22. Rxd7 Nxd7 23. Bxd5 Ra1 24. Qf3 Rxf1+ 25. Kxf1 Qxh2 26. Nd4 Qd6 27. b5 Ne5
28. Qe4 Rd8 29. Bc6 Bxd4 30. exd4 Qxd4 31. Bg5 Qa1+ 32. Ke2 Qd1+ 33. Ke3 Qd2#
0-1

[Event "20th NATO Chess Ch"]
[Site "?"]
[Date "2009.06.18"]
[Round "5.9"]
[White "Kertesz, Alfred"]
[Black "Mestek , Igor"]
[Result "1/2-1/2"]
[WhiteElo "2270"]
[BlackElo "2158"]
[PlyCount "89"]
[SourceDate "2000.01.03"]

1. d4 Nf6 2. c4 d6 3. Nc3 Nbd7 4. e4 e5 5. d5 c6 6. Bd3 Be7 7. h3 O-O 8. g4 Nc5
9. Bc2 a5 10. Be3 h6 11. Qd2 Nh7 12. Nf3 Ng5 13. Nxg5 Bxg5 14. Bxg5 Qxg5 15.
Qxg5 hxg5 16. O-O-O Rd8 17. h4 Bxg4 18. Rde1 Bf3 19. Rh2 g4 20. Kd2 f6 21. Bd1
Kf7 22. Bxf3 gxf3 23. Re3 Rh8 24. Rxf3 Rh5 25. Rfh3 Rah8 26. Ke3 g5 27. f3 Rxh4
28. Rxh4 Rxh4 29. Rd2 Ke7 30. Rg2 Rh3 31. Nd1 Nd7 32. Nf2 Rh8 33. Rg1 Rh2 34.
Rh1 Rxh1 35. Nxh1 Nb6 36. Kd3 Na4 37. b3 Nc5+ 38. Kd2 cxd5 39. cxd5 g4 40. fxg4
Nxe4+ 41. Kd3 Nc5+ 42. Kc4 Ne4 43. Kd3 Nc5+ 44. Kc4 Kd7 45. Ng3 1/2-1/2

[Event "20th NATO Chess Ch"]
[Site "?"]
[Date "2009.06.18"]
[Round "5.10"]
[White "Moen, Steinar"]
[Black "Onley, David"]
[Result "1-0"]
[WhiteElo "2214"]
[BlackElo "1952"]
[PlyCount "59"]
[SourceDate "2000.01.03"]

1. c4 Nf6 2. g3 g6 3. Bg2 Bg7 4. Nc3 O-O 5. d4 d6 6. Nf3 Nbd7 7. O-O e5 8. h3
c6 9. e4 Re8 10. d5 Nc5 11. Ne1 cxd5 12. cxd5 a5 13. Nd3 Na6 14. Be3 Bd7 15.
Na4 b5 16. Nb6 Rb8 17. Nxd7 Qxd7 18. Qd2 b4 19. a3 Qb5 20. a4 Qb7 21. b3 Rec8
22. Rfc1 Rc3 23. Rxc3 bxc3 24. Qxc3 Qxb3 25. Ra3 Qd1+ 26. Kh2 Nb4 27. Rb3 Qxd3
28. Qxd3 Nxd3 29. Rxb8+ Bf8 30. f3 1-0

[Event "20th NATO Chess Ch"]
[Site "?"]
[Date "2009.06.18"]
[Round "5.11"]
[White "Narman, Göhtan"]
[Black "Giua, Fréderic"]
[Result "1-0"]
[WhiteElo "2120"]
[BlackElo "2223"]
[PlyCount "123"]
[SourceDate "2000.01.03"]

1. c4 Nf6 2. Nc3 d5 3. cxd5 Nxd5 4. g3 g6 5. Bg2 Nxc3 6. bxc3 Bg7 7. Rb1 Nc6 8.
Qc2 O-O 9. Nf3 Na5 10. O-O c5 11. d3 b6 12. c4 Bb7 13. Bb2 f6 14. a4 Nc6 15.
Bc3 a5 16. Qb2 Nb4 17. d4 Qe8 18. d5 Ba6 19. Qb3 Ra7 20. e4 Bc8 21. Rfe1 e5 22.
Re2 h5 23. Be1 Bh6 24. Ra1 g5 25. Nd2 h4 26. Nf1 Rh7 27. f3 hxg3 28. hxg3 g4
29. Nh2 Qh5 30. Nxg4 Bg5 31. Kf2 Bxg4 32. fxg4 Qxg4 33. Qf3 Qd7 34. Qf5 Qxf5+
35. exf5 Kf7 36. Bxb4 cxb4 37. d6 Rc8 38. Bd5+ Kf8 39. Be6 Rd8 40. Rd1 Rh2+ 41.
Kf3 Rxe2 42. Kxe2 Bh6 43. Kf3 Ke8 44. Ke4 b3 45. d7+ Ke7 46. Rb1 Kd6 47. Rxb3
Kc6 48. g4 Bg5 49. Rh3 Bf4 50. Rh7 Kd6 51. Rh1 Kc5 52. Rd1 Kc6 53. Bf7 Bg5 54.
Be8 Bf4 55. Rd5 Bg5 56. Kf3 Bf4 57. Kg2 Bc1 58. Kg3 Bg5 59. Kh3 Kc7 60. Rb5 Kc6
61. Kg3 Ra8 62. d8=Q+ 1-0

[Event "20th NATO Chess Ch"]
[Site "?"]
[Date "2009.06.18"]
[Round "5.13"]
[White "Kedzierski, Slawomir"]
[Black "Schott, Guido"]
[Result "1-0"]
[WhiteElo "2069"]
[BlackElo "2196"]
[PlyCount "77"]
[SourceDate "2000.01.03"]

1. d4 d6 2. Nf3 Bg4 3. g3 c6 4. Bg2 Nf6 5. O-O Nbd7 6. c4 e5 7. Nc3 Be7 8. e4
O-O 9. h3 Bh5 10. Re1 Re8 11. d5 Nc5 12. b4 Ncxe4 13. Nxe4 Nxe4 14. Rxe4 f5 15.
Re2 e4 16. Nh2 Bxe2 17. Qxe2 Bf6 18. Bb2 cxd5 19. cxd5 Rc8 20. Nf1 Bxb2 21.
Qxb2 Re5 22. Ne3 h5 23. Qd4 h4 24. gxh4 Qc7 25. Qxa7 f4 26. Ng4 f3 27. Nxe5
dxe5 28. Bf1 Qc3 29. Rd1 Qc2 30. Re1 Rf8 31. Qe3 Rf4 32. Qb3 Qc8 33. d6+ Kh8
34. Qd5 Rxh4 35. Rxe4 Rxh3 36. d7 Qd8 37. Bxh3 Qg5+ 38. Rg4 Qc1+ 39. Kh2 1-0

[Event "20th NATO Chess Ch"]
[Site "?"]
[Date "2009.06.18"]
[Round "5.16"]
[White "Rosenkilde, Alexander"]
[Black "Kilic, Mehmet"]
[Result "1-0"]
[WhiteElo "2138"]
[BlackElo "2096"]
[PlyCount "81"]
[SourceDate "2000.01.03"]

1. d4 Nf6 2. c4 c5 3. Nf3 g6 4. g3 Bg7 5. Bg2 O-O 6. O-O Na6 7. Nc3 d6 8. b3
Bd7 9. Bb2 Rb8 10. Qd2 Bc6 11. d5 Bd7 12. e4 Ng4 13. Nh4 Nc7 14. a4 b6 15. h3
Nh6 16. f4 a6 17. e5 b5 18. axb5 axb5 19. Ne4 Ne8 20. Bc3 bxc4 21. bxc4 Qc7 22.
Nf3 Bf5 23. Nf2 Rb3 24. g4 Bd7 25. Rfb1 Qb7 26. Qc2 Ba4 27. Rxb3 Bxb3 28. Qb2
Nc7 29. Rb1 Rb8 30. Nd2 Qa6 31. exd6 Bxc3 32. dxc7 Rc8 33. Qxc3 Ba4 34. Qa1 Qa7
35. Rb8 Rxb8 36. cxb8=Q+ Qxb8 37. Qxa4 Qxf4 38. Nf1 Kg7 39. Qc2 f5 40. Qc3+ Kf7
41. Qe3 1-0